000 00537nam a22001577a 4500
999 _c535293
_d535293
020 _qHard Cover.
082 _a620.1
100 _aMuhammad Irfan Tahir.
245 _aEnergy & Exergy Analysis of Double Side Triangular Enclosure Solar Water Heater /
_cMuhammad Irfan Tahir.
260 _aIslamabad:
_bPNEC NUST,
_c2015.
300 _a65 p. :
_bill. ;
_c30cm.
942 _2ddc
_cTHE
650 _aMechanical Engineering MS-Thesis.
_916090
700 _aDr. Shafiq ur Rehman
_929496